| 000 | 00999nam a22002897i 4500 | ||
|---|---|---|---|
| 003 | EG-GICUC | ||
| 005 | 20260427104355.0 | ||
| 008 | 260427s1956 fr ||||fr|||| 00| 0 fre d | ||
| 040 |
_aEG-GiCUC _bfre _cEG-GiCUC _dEG-GiCUC _eRda |
||
| 041 |
_afre _hfre |
||
| 082 | 0 | 4 |
_221 _a341.9 _bCH . H |
| 092 | 0 | 4 | _221 |
| 099 | _aLaw 11 341.9 CH . H 1956 | ||
| 100 | 1 |
_aChevalier, Jacques _eAuteur |
|
| 245 | 1 | 0 |
_aHistoire de la pensée, tome II: _bLa pensée chrétienne des origines à /1la fin du XVIe siècle / _cPar Jacques Chevalier. |
| 264 | 1 |
_aparis; _bFlammarion Éditeur, _c1956. |
|
| 300 |
_a845 page : _billustration ; _c 24 cm. |
||
| 336 |
_2rda contenu _a texte |
||
| 337 |
_2rda medias _aOrdinateur |
||
| 338 |
_2 transporteur rda _a Ressource en ligne |
||
| 504 | _aBibliography: pages 200-250. 240-220 | ||
| 650 | 1 |
_aDroit international public _2qrmak |
|
| 651 | 1 | _2qrmak | |
| 856 | 4 | 0 | _uhttps://fll.law.cu.edu.eg/fulltext/bks/B11-08369.pdf |
| 905 | _a31 | ||
| 942 |
_2ddc _cBK _e21 _n0 |
||
| 999 |
_c73621 _d73621 |
||